| 000 | 01067nam a22003377a 4500 | ||
|---|---|---|---|
| 001 | 428 | ||
| 003 | FISKH | ||
| 005 | 20230420115714.0 | ||
| 008 | 230420b cb ||||| |||| 00| 0 eng d | ||
| 020 | _z9780688023591 | ||
| 040 |
_aDLC _cDLC _dDLC |
||
| 041 | 1 | _aengswe | |
| 042 | _alcac | ||
| 050 | 0 | 0 |
_aPZ7.L65852 _bSab 1983 |
| 082 | 0 | 0 |
_a813.54 _219 |
| 100 | 1 | _aLindgren, Barbro. | |
| 240 | 1 | 0 |
_aMax boll. _lEnglish |
| 245 | 1 | 0 |
_aSam's ball / _cBarbro Lindgren ; illustrated by Eva Eriksson. |
| 260 |
_aNew York : _bMorrow, _c1983. |
||
| 300 |
_a16 leaves of plates. _bcol. ill. ; _c17 cm. |
||
| 500 | _aTranslation of: Max boll. | ||
| 520 | _aA toddler and his cat clash over who gets to play with the ball. | ||
| 521 | 8 |
_a130
_bLexile |
|
| 521 | 8 |
_aB
_bRaz-Plus |
|
| 650 | 1 |
_aBalls (Sporting goods) _xFiction. |
|
| 650 | 1 |
_aCats _xFiction. |
|
| 700 | 1 |
_aEriksson, Eva, _eill. |
|
| 856 | 4 | 2 |
_3Publisher description _uhttp://www.loc.gov/catdir/description/hc044/83000722.html |
| 906 |
_a7 _bcbc _corignew _d1 _eocip _f19 _gy-gencatlg |
||
| 942 |
_2ddc _cBK _n0 |
||
| 999 |
_c428 _d428 |
||